Código de Procedimiento Penal: edición oficial, aprobada por Decreto N§733, de 23 de julio de 1996, del Ministerio de Justicia

Guardat en:
Dades bibliogràfiques
Format: Llibre
Idioma:espanyol
Publicat: Santiago Jurídica de Chile 1997
Edició:14a. ed
Matèries:
Etiquetes: Afegir etiqueta
Sense etiquetes, Sigues el primer a etiquetar aquest registre!

MARC

LEADER 00000nam a2200000 a 4500
001 UCI8888
003 CL-VaPUC
008 081009e19970000CL |||||||||||||||||spa|d
082 0 4 |a 345.8305  |b COD  |2 21 
245 1 0 |a Código de Procedimiento Penal: edición oficial, aprobada por Decreto N§733, de 23 de julio de 1996, del Ministerio de Justicia 
250 |a 14a. ed 
300 |a 316 p 
942 |c BK 
945 |d 20081009 00:00:00  |a cmena 
260 |a Santiago  |b Jurídica de Chile  |c 1997 
500 |a Apéndice actualizado a febrero de 1997 
650 0 |a Procedimiento penal  |9 254974 
650 0 |a Derecho procesal penal   |9 256392 
650 7 |a DERECHO PENAL CHILENO  |2 CL-VaPUC  |9 532537 
651 7 |a CHILE  |2 CL-VaPUC  |9 532538 
583 |a last modification  |c 20081009 00:00:00  |k Rodrigo Vera 
999 |c 331638  |d 331636 
952 |0 0  |1 0  |2 ddc  |4 0  |6 345_830500000000000_COD_1997  |7 0  |8 FOND_LRYV  |9 418440  |a BIBDER  |b BIBDER  |d 2019-11-22  |i 3303950  |o 345.8305 COD 1997  |p 3303950  |r 2023-01-25  |w 2019-11-22  |y BK_X  |k DER